| 000 | 00609nam a2200241Ia 4500 | ||
|---|---|---|---|
| 008 | 171025s9999 xx 000 0 und d | ||
| 050 | _a612 | ||
| 050 | _bP228 1969 | ||
| 100 | _aParent and Child Institute. | ||
| 245 | 4 | _aThe life cycle library : | |
| 245 | _bfor young people / | ||
| 245 | _cParent and Child Institure. | ||
| 260 | _aUSA : | ||
| 260 | _bParent and child institute, | ||
| 260 | _c1969 | ||
| 300 | _a367 pages : | ||
| 300 | _bsome color illustrations ; | ||
| 300 | _c24cm. | ||
| 650 | _aDrug abuse. | ||
| 650 | _aHealth. | ||
| 650 | _aHuman physiology. | ||
| 700 | _aTitle. | ||
| 999 |
_c344550 _d344550 |
||